00561nas a2200241 4500000000100000008004100001260001700042653002100059653001100080653002300091653001200114653001700126653002300143653001300166653001400179100001400193700001400207245005200221300001000273490000700283050001500290022001400305 2000 d c2000 Jul-Sep10aDisabled Persons10aHumans10aLeprostatic Agents10aleprosy10aPolypharmacy10aPrimary Prevention10aResearch10aSelf care1 aSmith C M1 aSmith W C00aCurrent understanding of disability prevention. a393-90 v72 aSMITH 2000 a0254-9395